Stranger Things - Acteurs par images - Statistiques

Statistiques générales
  • Ce quiz a été pris 143 fois
  • Le résultat moyen est 10 sur 16
Statistiques - réponses
Par images Réponse % Correct
Millie Bobby Brown
89%
Sadie Sink
84%
Noah Schnapp
81%
David Harbour
77%
Joe Keery
64%
Natalia Dyer
61%
Finn Wolfhard
60%
Maya Hawke
60%
Winona Ryder
59%
Gaten Matarazzo
58%
Nell Fisher
54%
Charlie Heaton
49%
Caleb McLaughin
44%
Joseph Quinn
41%
Dacre Montgomery
39%
Priah Ferguson
37%
Aucun quiz correspondant
Distribution des résultats
% des personnes avec chaque résultat
Percentile par nombre de réponses
Votre historique - résultats
Vous n’avez pas pris ce quiz